000 00658nam a2200229 a 4500
005 20140310183413.0
008 070914s19uu xx 00 eng d
020 _a9780071259231
050 _aHC 79.I55
_b.D674 2008
100 _aDorf, Richard C.
245 _aTechnology ventures from idea to enterprise /
_cRichard C. Dorf
250 _a2nd ed.
260 _aU.S.A :
_bMcGarw-Hill, Inc,
_c2008.
300 _a658 p. :
_bill. col. ;
_c24 cm.
521 _aBSBA
650 _aInformation Technology.
650 _aEntrepreneurship.
650 _aNew buisness enterprise.
700 _aByers, Thomas H.
942 _cBK
_2lcc
_kFOR
999 _c22528
_d22528